Kinsei keizaishi gairon /
Saved in:
| Main Author: | |
|---|---|
| Format: | Book |
| Language: | Japanese |
| Published: |
Tōkyō :
Jiyū Shobō,
Shōwa 23 [1948]
|
| Subjects: | |
| Tags: |
Add Tag
No Tags, Be the first to tag this record!
|
| LEADER | 01063nam a2200289 a 4500 | ||
|---|---|---|---|
| 001 | 007747097-4 | ||
| 005 | 20024617115255.0 | ||
| 008 | 870416s1948 ja a 000 0 jpn | ||
| 010 | |a 87131270 /AJ | ||
| 035 | 0 | |a ocm16355957 | |
| 035 | 0 | |a ocm16355957 |z ocm33646562 | |
| 040 | |a DLC |c DLC |d *YNH* |d CStRLIN | ||
| 050 | 0 | |a HC51 |b .N642 1948 | |
| 100 | 1 | |6 880-01 |a Nomura, Kanetarō, |d 1896-1960. | |
| 245 | 1 | 0 | |6 880-02 |a Kinsei keizaishi gairon / |c Nomura Kanetarō cho. |
| 260 | |6 880-03 |a Tōkyō : |b Jiyū Shobō, |c Shōwa 23 [1948] | ||
| 300 | |a 4, 6, 297 p. : |b ill. ; |c 22 cm. | ||
| 500 | |a Colophon inserted. | ||
| 500 | |6 880-04 |a Edition for 1932 published under title: Sekai keizai hatten shiron. | ||
| 650 | 0 | |a Economic history. | |
| 650 | 0 | |a Economic policy. | |
| 880 | 1 | |6 100-01 |a 野村兼太郎, |d 1896-1960. | |
| 880 | 1 | 0 | |6 245-02 |a 近世經濟史槪論 / |c 野村兼太郎著. |
| 880 | |6 260-03 |a 東京 : |b 自由書房, |c 昭和 23 [1948] | ||
| 880 | |6 500-04 |a Edition for 1932 published under title: 世界經濟發展史論. | ||
| 988 | |a 20021209 | ||
| 906 | |0 DLC | ||


